| 000 | 00733nam a2200277Ia 4500 | ||
|---|---|---|---|
| 001 | 33145 | ||
| 005 | 20240114001636.0 | ||
| 007 | ta | ||
| 008 | 061209s1999 a g b000 u 465 u | ||
| 020 | _a981 4033 00 6 | ||
| 040 | _aCotton College Assam | ||
| 041 | _a465 | ||
| 082 |
_a591.65 _bCh 421 Ge |
||
| 100 | _aCheng, Thomas C.. | ||
| 245 | 0 |
_aGeneral Parasitology / _cThomas C.Cheng. _hTextual Documents |
|
| 250 | _a1st ed. / | ||
| 260 |
_aSingapore : _bHarcourt Brace & Co. Asia PTE Ltd. , _c1999. |
||
| 300 |
_axix,827p. : _bill ; _c22cm . |
||
| 504 | _aIndex | ||
| 653 | _aZoology | ||
| 653 | _aParasitology | ||
| 653 | _aDeptt.-Zoology | ||
| 942 |
_2ddc _cBK |
||
| 999 |
_c33127 _d33127 |
||